| 000 | 00964cam a2200241 4500 | ||
|---|---|---|---|
| 001 | L129416 | ||
| 008 | 050414n2003 000 0 eng u | ||
| 020 | _a1860816436 | ||
| 035 | _a(Sirsi) u129416 | ||
| 041 | _aeng | ||
| 050 |
_a333.72 _c18 |
||
| 100 | _aYates, Alan | ||
| 245 |
_aSustainable buildings _bbenefits for contractors |
||
| 260 |
_aWatford _bBRE _c2003 |
||
| 300 |
_a10p. _c30cm. |
||
| 350 | _a12 | ||
| 490 |
_aBRE Information Paper _vIP13/03 |
||
| 520 | _aThis Information paper results from a study of the business benefits of sustainable practices in the construction and property sectors. It is the fourth of a set of four that explore this theme. The other three focus on occupiers, the design team, and on investors and developers. | ||
| 690 | _aPROPERTY-PROPERTY DEVELOPMENT-SUSTAINABLE PROPERTY DEVELOPMENT | ||
| 710 | _aBuilding Research Establishment | ||
| 710 |
_aUnited Kingdom _bDepartment of Trade and Industry |
||
| 942 | _n0 | ||
| 999 |
_c104183 _d104183 |
||